Culture Générale - Série 24 - Statistiques

Statistiques générales
  • Ce quiz a été pris 2 728 fois
    286 depuis la dernière actualisation
  • Le résultat moyen est 4 sur 10
Statistiques - réponses
Question Réponse % Correct
Le nombre de pays composant actuellement l’Union européenne est de : 27
82%
Quelle salle de spectacle parisienne a été créée par Bruno Coquatrix ? Olympia
57%
Quel est le nom de la 1ère brebis clonée, née en 1996 ? Dolly
51%
D’après Marx, qu’est-ce que « l’opium du peuple » ? Religion
44%
En quelle année a débuté la III° République française ? 1870
39%
Quel est le nom de la ville du tournage de « Bienvenue chez les ch'tis » ? Bergues
33%
Comment appelle-t-on une forêt boréale composée surtout de conifères ? Taïga
28%
Une discussion entre les deux assemblées du Parlement français s’appelle : Navette
20%
Dans quelle région de la France se trouve la roche de Solutré ? Bourgogne
17%
« Le Sacre du printemps » est une oeuvre musicale de : Igor Stravinsky
12%
Aucun quiz correspondant
Distribution des résultats
% des personnes avec chaque résultat
Percentile par nombre de réponses
Votre historique - résultats
Vous n’avez pas pris ce quiz depuis la dernière actualisation